LEADER 00994nam a2200277 i 4500 001 991001732689707536 005 20020503153013.0 008 000704s1972 it ||| | ita 035 $ab10265132-39ule_inst 035 $aEXGIL90610$9ExL 040 $aBiblioteca Interfacoltà$bita 082 0 $a630.9 100 1 $aCherubini, Giovanni$0129621 245 10$aAgricoltura e società rurale nel medioevo /$cGiovanni Cherubini 260 $aFirenze :$bSansoni,$c1972 300 $a124 p. ;$c19 cm. 490 0 $aScuola aperta. Storia 500 $aSegue: Documenti 650 4$aAgricoltura$xStoria$ySec. 8.-16. 650 4$aSocietà$xStoria$ySec. 8.-16. 907 $a.b10265132$b17-02-17$c27-06-02 912 $a991001732689707536 945 $aLE002 St. IV H 36$g1$i2002000682383$lle002$o-$pE0.00$q-$rl$s- $t0$u0$v0$w0$x0$y.i10316243$z27-06-02 996 $aAgricoltura e società rurale nel medioevo$9211675 997 $aUNISALENTO 998 $ale002$b01-01-00$cm$da $e-$fita$git $h0$i1 LEADER 01015nam a22002531i 4500 001 991001928139707536 005 20030331143342.0 008 030925s198u it |||||||||||||||||ita 035 $ab12217268-39ule_inst 035 $aARCHE-026491$9ExL 040 $aBiblioteca Interfacoltà$bita$cA.t.i. Arché s.c.r.l. Pandora Sicilia s.r.l. 082 04$a025.0028 100 1 $aAcquati, Enrico$0451937 245 10$aIndagine sull'automazione EDP nelle biblioteche italiane /$cE. Acquati, R. Pieri 260 $aMilano :$bHoneywell, Direzione pianificazione marketing,$c[198.] 300 $aII, 102 p. ;$c30 cm 650 4$aBiblioteche$xAutomazione 700 1 $aPieri, R. 907 $a.b12217268$b02-04-14$c08-10-03 912 $a991001928139707536 945 $aLE002 Busta 69/14$g1$i2002000499905$lle002$o-$pE0.00$q-$rl$s- $t0$u0$v0$w0$x0$y.i12597582$z08-10-03 996 $aIndagine sull'automazione EDP nelle biblioteche italiane$9155136 997 $aUNISALENTO 998 $ale002$b08-10-03$cm$da $e-$fita$git $h0$i1